000 00439nam a2200169Ia 4500
003 GCL
008 140319s9999 xx 000 0 eng d
040 _aGCL /
_cGCL
082 0 4 _a692.5
_bS B
100 1 _aSCHUETTE, STEPHEN D.
245 1 0 _aBUILDING CONSTRUCTION ESTIMATING /
_cSCHUETTE, STEPHEN D.
260 _a[S.N] :
_bMC GRAW - HILL ،
_c1994
300 _a346\P
650 0 4 _aESTIMATING
650 0 4 _aBUILDING
942 _2ddc
_cBK
999 _c23504
_d23504